Annotated bibliography of soybean rust ( phakoposora pachyrhizi sydow )
Gorde:
| Egile nagusia: | |
|---|---|
| Formatua: | Liburua |
| Hizkuntza: | Undetermined |
| Argitaratua: |
Taiwan
AVRDC
1992
|
| Gaiak: | |
| Etiketak: |
Etiketa erantsi
Etiketarik gabe, Izan zaitez lehena erregistro honi etiketa jartzen!
|
| Thư viện lưu trữ: | Trung tâm Học liệu Trường Đại học Cần Thơ |
|---|
| LEADER | 00619nam a2200169Ia 4500 | ||
|---|---|---|---|
| 001 | CTU_13486 | ||
| 008 | 210402s9999 xx 000 0 und d | ||
| 082 | |a 633.6559 | ||
| 082 | |b A963 | ||
| 100 | |a Annotated bibliography of soybean rust ( phakoposora pachyrhizi sydow ),Annotated bibliography of soybean rust ( phakoposora pachyrhizi sydow ) | ||
| 245 | 0 | |a Annotated bibliography of soybean rust ( phakoposora pachyrhizi sydow ) | |
| 260 | |a Taiwan | ||
| 260 | |b AVRDC | ||
| 260 | |c 1992 | ||
| 650 | |a soybean | ||
| 904 | |i Nguyễn Quang Điền, 961205 | ||
| 980 | |a Trung tâm Học liệu Trường Đại học Cần Thơ | ||